Histoire de J. Mc N. Whistler et de son oeuvre / (Record no. 58497)
[ view plain ]
| 000 -LEADER | |
|---|---|
| campo de control de longitud fija | 00584nam a2200193 i 4500 |
| 001 - NÚMERO DE CONTROL | |
| campo de control | 58497 |
| 003 - IDENTIFICADOR DE NÚMERO DE CONTROL | |
| campo de control | ES-MaACL |
| 005 - FECHA Y HORA DE LA ÚLTIMA TRANSACCIÓN | |
| campo de control | 20251013180123.0 |
| 007 - CAMPO FIJO DE DESCRIPCIÓN FÍSICA--INFORMACIÓN GENERAL | |
| campo de control de longitud fija | t| |
| 008 - DATOS DE LONGITUD FIJA--INFORMACIÓN GENERAL | |
| campo de control de longitud fija | 031022s1914 fr ||||1| fre d |
| 100 1# - ENTRADA PRINCIPAL--NOMBRE DE PERSONA | |
| Nombre de persona | Duret, Theodorè. |
| 9 (RLIN) | 46293 |
| 245 10 - MENCIÓN DEL TÍTULO | |
| Título | Histoire de J. Mc N. Whistler et de son oeuvre / |
| Mención de responsabilidad, etc. | par Théodore Duret. |
| 250 ## - MENCION DE EDICION | |
| Mención de edición | Nouvelle édition. |
| 260 ## - PUBLICACIÓN, DISTRIBUCIÓN, ETC. | |
| Lugar de publicación, distribución, etc. | Paris : |
| Nombre del editor, distribuidor, etc. | H. Floury, |
| Fecha de publicación, distribución, etc. | 1914 ( |
| Fabricante | Paul Dupont) |
| 300 ## - DESCRIPCIÓN FÍSICA | |
| Extensión | 155 p. : |
| Otras características físicas | il. ; |
| Dimensiones | 24 cm. |
| 600 17 - PUNTO DE ACCESO ADICIONAL DE MATERIA--NOMBRE DE PERSONA | |
| Nombre de persona | Whistler, James McNeill, |
| Fechas asociadas al nombre | 1834-1903 |
| Fuente del encabezamiento o término | |
| 9 (RLIN) | 167349 |
| 852 ## - LOCALIZACIÓN | |
| Ubicación | ES-MaACL |
| Número de control de estantería | C-1526 |
| Estatus retirado | Estado de pérdida | Estado de daño | No para préstamo | Biblioteca de origen | Biblioteca actual | Ubicación en estantería | Fecha de adquisición | Fuente de adquisición | Total de préstamos | Signatura topográfica completa | Código de barras | Visto por última vez | Precio de reemplazo | Tipo de ítem Koha |
|---|---|---|---|---|---|---|---|---|---|---|---|---|---|---|
| Biblioteca del Ateneo de Madrid | Biblioteca del Ateneo de Madrid | Sala Palomar | 17/01/2008 | C-1526 | 1061378 | 23/02/2023 | 23/02/2023 | Libro impreso |
